BASIC OF BAKING (Record no. 8049)
[ view plain ]
| 000 -LEADER | |
|---|---|
| fixed length control field | 00334nam a22001577a 4500 |
| 020 ## - INTERNATIONAL STANDARD BOOK NUMBER | |
| International Standard Book Number | 81-8204-033-7 |
| 082 ## - DEWEY DECIMAL CLASSIFICATION NUMBER | |
| Classification number | 641.8 |
| Item number | MAL |
| 100 ## - MAIN ENTRY--PERSONAL NAME | |
| Personal name | MALIK, SANDEEP |
| 245 ## - TITLE STATEMENT | |
| Title | BASIC OF BAKING |
| 250 ## - EDITION STATEMENT | |
| Edition statement | 1ST |
| 260 ## - PUBLICATION, DISTRIBUTION, ETC. (IMPRINT) | |
| Place of publication, distribution, etc | DELHI |
| Name of publisher, distributor, etc | AMAN |
| Year of Publication | 2007 |
| 300 ## - PAGE DESCRIPTION | |
| No. of Pages | 296 |
| 650 ## - SUBJECT ADDED ENTRY--TOPICAL TERM | |
| Topical term or geographic name as entry element | BEVERAGE AND COOKERY |
| 653 ## - KEYWORDS--INDEX TERM | |
| Keyword term | BAKINK |
| 942 ## - ADDED ENTRY ELEMENTS (KOHA) | |
| Source of classification or shelving scheme | Dewey Decimal Classification |
| Koha item type | Books |
| 942 ## - ADDED ENTRY ELEMENTS (KOHA) | |
| -- | 2 |
| Withdrawn status | Lost status | Source of classification or shelving scheme | Damaged status | Not for loan | Collection code | Home library | Current library | Shelving location | Date acquired | Vendor Name | Cost, normal purchase price | SGTU | Bill Number | Total Checkouts | Full call number | Accession No. (Barcode) | Date last seen | Date last borrowed | Bill Date | Koha item type |
|---|---|---|---|---|---|---|---|---|---|---|---|---|---|---|---|---|---|---|---|---|
| Dewey Decimal Classification | HOTEL MANAGEMENT | SGT Science & Social Sciences Library | SGT Science & Social Sciences Library | Text Book | 10/10/2015 | JINDAL BOOK SERVICE | 650.00 | SGTU | 1775 | 3 | 641.8 MAL | HM431 | 24/09/2019 | 02/09/2019 | 07/09/2015 | Books | ||||
| Dewey Decimal Classification | HOTEL MANAGEMENT | SGT Science & Social Sciences Library | SGT Science & Social Sciences Library | Text Book | 10/10/2015 | JINDAL BOOK SERVICE | 650.00 | SGTU | 1775 | 641.8 MAL | HM432 | 15/12/2015 | 07/09/2015 | Books | ||||||
| Withdrawn | Dewey Decimal Classification | HOTEL MANAGEMENT | SGT Science & Social Sciences Library | SGT Science & Social Sciences Library | Text Book | 10/10/2015 | JINDAL BOOK SERVICE | 650.00 | SGTU | 1775 | 641.8 MAL | HM433 | 10/10/2015 | 07/09/2015 | Books | |||||
| Dewey Decimal Classification | HOTEL MANAGEMENT | SGT Science & Social Sciences Library | SGT Science & Social Sciences Library | Text Book | 10/10/2015 | JINDAL BOOK SERVICE | 650.00 | SGTU | 1775 | 5 | 641.8 MAL | HM434 | 14/06/2023 | 13/06/2023 | 07/09/2015 | Books | ||||
| Dewey Decimal Classification | HOTEL MANAGEMENT | SGT Science & Social Sciences Library | SGT Science & Social Sciences Library | Text Book | 10/10/2015 | JINDAL BOOK SERVICE | 650.00 | SGTU | 1775 | 1 | 641.8 MAL | HM435 | 29/10/2015 | 28/10/2015 | 07/09/2015 | Books | ||||
| Dewey Decimal Classification | HOTEL MANAGEMENT | SGT Science & Social Sciences Library | SGT Science & Social Sciences Library | Text Book | 10/10/2015 | JINDAL BOOK SERVICE | 650.00 | SGTU | 1775 | 1 | 641.8 MAL | HM436 | 29/10/2015 | 28/10/2015 | 07/09/2015 | Books |